All Premier League Winners 1992-2021 - Statistics

General Stats
  • This quiz has been taken 73 times
  • The average score is 30 of 30
Answer Stats
Year Winner % Correct
1997-98 Arsenal
100%
2001-02 Arsenal
100%
2003-04 Arsenal
100%
2004-05 Chelsea
100%
2005-06 Chelsea
100%
2009-10 Chelsea
100%
2014-15 Chelsea
100%
2016-17 Chelsea
100%
2019-20 Liverpool
100%
2011-12 Manchester City
100%
2013-14 Manchester City
100%
2017-18 Manchester City
100%
2018-19 Manchester City
100%
2020-21 Manchester City
100%
2021-22 Manchester City
100%
1992-93 Manchester United
100%
1993-94 Manchester United
100%
1995-96 Manchester United
100%
1996-97 Manchester United
100%
1998-99 Manchester United
100%
1999-00 Manchester United
100%
2000-01 Manchester United
100%
2002-03 Manchester United
100%
2006-07 Manchester United
100%
2007-08 Manchester United
100%
2008-09 Manchester United
100%
2010-11 Manchester United
100%
2012-13 Manchester United
100%
2015-16 Leicester City
97%
1994-95 Blackburn Rovers
81%
No matching quizzes found
Score Distribution
Percent of People with Each Score
Percentile by Number Answered
Your Score History
You have not taken this quiz